00966nam a2200217 a 450000500170000000800410001704000250005804100080008304400070009108200170009810000350011524502030015026000600035330000570041350400420047065000480051265000490056066200800060970000290068970000300071820160215124151.0160215b2008 ck ad fr|||| 00| 0 spa d aCO-BoIAVHcCO-BoIAVH0 aspa ack04a333.72bM53p1 aMendoza Mojica, Sandra Lucía1 aPescando futuro :bla participación de las comunidades en la exploración de escenarios de conservación / cpor Sandra Lucía Mendoza Mojica, Jorge Higinio Maldonado y Rocío del Pilar Moreno aBogotá (Colombia) :bUniversidad de Los Andes,c2008. a48 páginas :bilustraciones, tablas ;c28 x 21 cm. aIncluye referencias bibliográficas. 6aParque nacionalesxconservaciónzColombia 6aReservas naturalesxconservaciónzColombia aColombiacParque Nacional Natural Los Corales del Rosario y de San Bernardo1 aMaldonado, Jorge Higinio1 aMoreno, Rocío del Pilar